Chemical Finishing of Textiles (Record no. 3876)
[ view plain ]
| 000 -LEADER | |
|---|---|
| fixed length control field | 00335nam a2200133Ia 4500 |
| 008 - FIXED-LENGTH DATA ELEMENTS--GENERAL INFORMATION | |
| fixed length control field | 191201s2004 xx 000 0 und d |
| 082 ## - DEWEY DECIMAL CLASSIFICATION NUMBER | |
| Classification number | 677.02825 |
| Item number | SCC |
| 100 ## - MAIN ENTRY--PERSONAL NAME | |
| Personal name | SCHINDLER, W D |
| 245 #0 - TITLE STATEMENT | |
| Title | Chemical Finishing of Textiles |
| 260 ## - PUBLICATION, DISTRIBUTION, ETC. (IMPRINT) | |
| Place of publication, distribution, etc | N.Delhi |
| Name of publisher, distributor, etc | Textile Institute |
| Date of publication, distribution, etc | 2004 |
| 300 ## - PHYSICAL DESCRIPTION | |
| Extent | 213 |
| 650 ## - SUBJECT ADDED ENTRY--TOPICAL TERM | |
| Topical term or geographic name as entry element | B.Tech(TE) |
| 942 ## - ADDED ENTRY ELEMENTS (KOHA) | |
| Source of classification or shelving scheme | Dewey Decimal Classification |
| Koha item type | Text Books |
| Withdrawn status | Lost status | Source of classification or shelving scheme | Damaged status | Not for loan | Collection code | Home library | Current library | Date acquired | Source of acquisition | Cost, normal purchase price | Bill Number | Total Checkouts | Full call number | Acc. no. / Barcode | Date last seen | Bill Date | Koha item type | Date last borrowed |
|---|---|---|---|---|---|---|---|---|---|---|---|---|---|---|---|---|---|---|
| Dewey Decimal Classification | B.Tech(TE) | PIET C-LIBRARY | PIET C-LIBRARY | 26/02/2009 | Indian International Text Book | 12642.00 | 106 | 677.02825 SCC | 11813 | 04/12/2019 | 28/01/2009 | Text Books | ||||||
| Dewey Decimal Classification | B.Tech(TE) | PIET C-LIBRARY | PIET C-LIBRARY | 20/07/2009 | Indian International Text Book | 10751.00 | 1260 | 677.02825 SCC | 12376 | 04/12/2019 | 14/07/2009 | Text Books | ||||||
| Dewey Decimal Classification | B.Tech(TE) | PIET C-LIBRARY | PIET C-LIBRARY | 20/07/2009 | Indian International Text Book | 10751.00 | 1260 | 1 | 677.02825 SCC | 12377 | 08/04/2021 | 14/07/2009 | Text Books | 18/03/2020 |